الثعابين / (رقم التسجيلة. 53577)

تفاصيل مارك
000 -LEADER
fixed length control field 00588nam a22002057a 4500
005 - DATE AND TIME OF LATEST TRANSACTION
control field 20251108170959.0
008 - FIXED-LENGTH DATA ELEMENTS--GENERAL INFORMATION
fixed length control field 250721s1993 xx 000 0 ara d
082 14 - DEWEY DECIMAL CLASSIFICATION NUMBER
Classification number ط/598.12/هول
100 1# - MAIN ENTRY--PERSONAL NAME
Personal name هوك، جون
245 10 - TITLE STATEMENT
Title الثعابين /
250 ## - EDITION STATEMENT
Edition statement ط5
264 1# - PRODUCTION, PUBLICATION, DISTRIBUTION, MANUFACTURE, AND COPYRIGHT NOTICE
Place of production, publication, distribution, manufacture القاهرة :
Name of producer, publisher, distributor, manufacturer دار المعارف،
Date of production, publication, distribution, manufacture, or copyright notice 1993.
300 ## - PHYSICAL DESCRIPTION
Extent 66ص
490 0# - SERIES STATEMENT
Series statement كتابك الأول عند ؛ 3
650 17 - SUBJECT ADDED ENTRY--TOPICAL TERM
Topical term or geographic name as entry element الثعابين
653 ## - INDEX TERM--UNCONTROLLED
Uncontrolled term ناتشئون صغار (10-14) سنة
700 1# - ADDED ENTRY--PERSONAL NAME
Personal name كامل، عبد الحليم
Relator term ترجمة
942 ## - ADDED ENTRY ELEMENTS (KOHA)
Source of classification or shelving scheme Dewey Decimal Classification
Koha item type كتب
المقتنيات
حالة السحب حالة الفقدان مصدر التصنيف حالة التلف غير قابل للإعارة المكتبة الرئيسية المكتبة الحالية موقع الرف تاريخ التزويد الرقم المتسلسل Total Checkouts رقم الإستدعاء الباركود تاريخ آخر ظهور تاريخ الفاتورة نوع المادة (كوها)
    Dewey Decimal Classification     مكتبة الأميرة ايمان العامة مكتبة الأميرة ايمان العامة الأطفال 03/12/2013 361690   ط/598.12/هول PLD00289012 28/07/2025 03/12/2013 كتب
    Dewey Decimal Classification     مكتبة الاميرة بديعة مكتبة الاميرة بديعة الأطفال 06/07/2004 361695   ط/598.12/هول 361695 28/07/2025 06/07/2004 كتب
    Dewey Decimal Classification     مكتبة النصر العامة مكتبة النصر العامة الأطفال 06/07/2004 361699   ط/598.12/هول 361699 28/07/2025 06/07/2004 كتب
    Dewey Decimal Classification     مكتبة صويلح العامة مكتبة صويلح العامة الأطفال 06/07/2004 361700   ط/598.12/هول 361700 28/07/2025 06/07/2004 كتب
    Dewey Decimal Classification Unchecked   مكتبة وادي السير العامة مكتبة وادي السير العامة الأطفال 06/07/2004 361692   ط/598.12/هول   28/07/2025 06/07/2004 كتب
Implemented & Customized by: BBB with SCIT (Smart Chains for Information Technology)

Powered by Koha